000 00668nam a2200241Ia 4500
008 180313s9999 xx 000 0 und d
020 _a9789810979515
050 _bER B624 2014
100 _aBitskoff, Aleksei.
245 _aCould a penguin ride a bike?...and other questions /
245 _cby Aleksei Bitskoff and Camilla de la Bedoyere.
260 _aNew York, New York :
260 _bScholastic Inc.,
260 _c2014
300 _aunpaged :
300 _bcolored illustrations ;
300 _c25cm.
650 _aPenguins --
650 _aPenguins.
650 _xJuvenile fiction.
700 _ade la Bedoyere, Camilla.
700 _aTitle.
999 _c356274
_d356274